| Поле | Название | Значение |
| |
Тип записи |
a |
| |
Библиографический уровень |
m |
| 001 |
Контрольный номер |
RU/ГПНТБ России/IBIS/84(2=411.2)6/Б 59-912071554 |
| 005 |
Дата корректировки |
20260515114349.4 |
| 010 |
Индекс ISBN |
__ |
| a |
ISBN |
978-5-00198-015-5 |
| b |
Уточнения |
в пер. |
| 100 |
Данные общей обработки |
__ |
| a |
Данные общей обработки |
20260515d2025 c y0rusy0250 |
| 101 |
Язык документа |
0_ |
| a |
Язык текста |
rus |
| 102 |
Страна публикации |
__ |
| a |
Страна публикации |
RU |
| 105 |
Кодированные данные (монография) |
__ |
| a |
Кодированные данные (монография) |
a z 000zy |
| 181 |
Поле кодированных данных: вид содержания |
_0 |
| a |
Код вида содержания (ISBD) |
i |
| 182 |
Поле кодированных данных: тип средства |
_0 |
| a |
Код типа средства (ISBD) |
n |
| 200 |
Заглавие и сведения об ответственности |
1_ |
| a |
Заглавие |
Оранжевое горлышко |
| e |
Сведения, относящиеся к заглавию |
сказки |
| e |
Сведения, относящиеся к заглавию |
[для младшего школьного возраста] |
| f |
Первые сведения об ответственности |
Виталий Бианки |
| g |
Последующие сведения об ответственности |
художник Ольга Боловинцева |
| 203 |
Вид содержания и тип средства |
__ |
| c |
Тип средства |
непосредственный |
| a |
Вид содержания |
Текст |
| 210 |
Выходные данные |
__ |
| a |
Место издания |
Москва |
| c |
Издательство |
ЭНАС-КНИГА |
| d |
Дата издания |
2025 |
| 215 |
Физическое описание |
__ |
| a |
Объем |
69, [2] с. |
| c |
Иллюстрации/тип воспроизводства |
цв. ил. |
| d |
Формат |
22 см |
| 225 |
Серия |
2_ |
| a |
Серия |
Мы соседи по планете |
| 327 |
Примечание о содержании |
1_ |
| a |
Примечание о содержании |
Содержание : Красная горка ; Оранжевое горлышко |
| 330 |
Аннотация |
__ |
| a |
Аннотация |
В сборник вошли две добрые и мудрые "птичьи" сказки знаменитого отечественного автора книг о природе Виталия Бианки (1894-1958). Как все по-настоящему хорошие книги, они не только о животных, но и о людях. В забияке Чике, в очаровательной куропатке Оранжевое Горлышко, чьей материнской любви и заботы хватает на три выводка птенчиков, читатель видит черты человеческих характеров. Книга проиллюстрирована удивительно лёгкими и изящными рисунками современного художника Ольги Боловинцевой. |
| 333 |
Примечание о целевом назначении |
__ |
| a |
Примечание о целевом назначении |
информационная продукция для детей, достигших возраста шести лет |
| 333 |
Примечание о целевом назначении |
__ |
| a |
Примечание о целевом назначении |
для детей младшего возраста, 5-10 лет |
| 464 |
Аналитический уровень |
_0 |
| 1 |
|
2001 |
| a |
|
Красная горка |
| 464 |
Аналитический уровень |
_0 |
| 1 |
|
2001 |
| a |
|
Оранжевое горлышко |
| 606 |
Тематические рубрики |
__ |
| a |
Основная рубрика |
Художественная литература (произведения) |
| x |
Основная подрубрика |
Детская литература |
| y |
Географическая подрубрика |
Россия |
| z |
Хронологическая подрубрика |
20 в. |
| 2 |
Код системы |
nlr_sh |
| 686 |
Индексы других классификаций |
__ |
| 2 |
Код системы |
rubbk |
| a |
Классификационный индекс |
84(2=411.2)6 |
| 686 |
Индексы других классификаций |
__ |
| 2 |
Код системы |
rugasnti |
| a |
Классификационный индекс |
17.82.93 |
| 700 |
Автор |
_1 |
| a |
Фамилия |
Бианки |
| b |
Имя |
В. В. |
| g |
Полное личное имя |
Виталий Валентинович |
| f |
Даты |
1894-1959 |
| 4 |
Код отношения |
070 |
| 702 |
Вторичная интеллектуальная ответственность |
_1 |
| a |
Фамилия |
Боловинцева |
| b |
Имя |
О. В. |
| g |
Полное личное имя |
Ольга Васильевна |
| f |
Даты |
1958- |
| 4 |
Код отношения |
440 |
| 801 |
Источник записи |
_0 |
| b |
Организация |
ГПНТБ России |
| a |
Страна |
RU |
| c |
Дата составления |
20260515 |
| 801 |
Источник записи |
_1 |
| b |
Организация |
ГПНТБ России |
| a |
Страна |
RU |
| c |
Дата составления |
20260515 |
| 852 |
Данные о местонахождении |
5_ |
| a |
Наименование организации |
ГПНТБ России |
| m |
Суффикс шифра хранения |
1111105152 |
| b |
Сигла хранения |
ЦГБ |
| j |
Шифр хранения |
84(2=411.2)6 |
| p |
Инвентарный номер |
RU |
| 899 |
Данные о местонахождении |
__ |
| a |
Местонахождение |
ГПНТБ России |
| p |
Штрих-код |
1111105152 |
| b |
Место хранения |
ЦГБ |
| h |
Классификационная часть РШ |
84(2=411.2)6 |
| i |
Авторский знак |
Б 59 |